| 000 | 00533nam a2200205Ia 4500 | ||
|---|---|---|---|
| 005 | 20250508154706.0 | ||
| 008 | 008 250505s9999 xx 000 0 eng d | ||
| 037 | _aTextual | ||
| 040 |
_aFEDL _beng _cFEDL |
||
| 041 |
_aeng _2eng |
||
| 084 |
_a155.45, BUR _qFEDL |
||
| 100 | _aBurt Cyril | ||
| 245 | 0 | _aSubnormal mind | |
| 250 | _a3rd | ||
| 260 |
_aLondon, UK _bOxford Univeristy Press _c1955 |
||
| 300 | _axix,391p. | ||
| 650 | _aChild Psychology | ||
| 942 |
_cTEXL _h155.45, BUR |
||
| 999 |
_c1351628 _d1351628 |
||